The I.R.A. and its enemies (Record no. 211553)
[ view plain ]
| 000 -LEADER | |
|---|---|
| fixed length control field | 01693nam a2200385Ia 4500 |
| 100 1# - MAIN ENTRY--AUTHOR NAME | |
| Personal name | Hart, Peter, |
| 245 14 - TITLE STATEMENT | |
| Title | The I.R.A. and its enemies |
| 260 ## - PUBLICATION, DISTRIBUTION, ETC. (IMPRINT) | |
| Place of publication | Oxford : |
| Name of publisher | Clarendon Press ; |
| Place of publication | New York : |
| Name of publisher | Oxford University Press, |
| Year of publication | 1998. |
| 300 ## - PHYSICAL DESCRIPTION | |
| Number of Pages | xv, 350 p. : |
| Other physical details | ill., maps. |
| 500 ## - GENERAL NOTE | |
| General note | "Began as a doctoral thesis at Trinity College, Dublin"--P. viii. |
| 650 #0 - SUBJECT ADDED ENTRY--TOPICAL TERM | |
| Topical Term | Community life |
| Topical Term | Violence |
| 856 40 - ELECTRONIC LOCATION AND ACCESS | |
| Uniform Resource Identifier | http://site.ebrary.com/lib/rucke/Doc?id=10358425 |
No items available.
